Tính ổn định và mặt phẳng pha của hệ otonom

Nghiên cứu về tính ổn định và mặt phẳng pha của hệ otonom đồng thời ứng dụng của phần mềm toán học MATLAB trong việc phác thảo ảnh pha và trường vectơ của hệ otonom, từ đó xem xét và kết luận về tính ổn định của hệ

সংরক্ষণ করুন:
গ্রন্থ-পঞ্জীর বিবরন
প্রধান লেখক: Nguyễn Đăng Phương Niệm
অন্যান্য লেখক: Lê Hải Trung TS. (Hướng dẫn)
বিন্যাস: গ্রন্থ
ভাষা:Vietnamese
প্রকাশিত: Đà Nẵng Đại học Đà Nẵng 2015
বিষয়গুলি:
ট্যাগগুলো: ট্যাগ যুক্ত করুন
কোনো ট্যাগ নেই, প্রথমজন হিসাবে ট্যাগ করুন!
Thư viện lưu trữ: Mạng thư viện Đại học Đà Nẵng
LEADER 01748nam a2200361 4500
001 000020216
003 16661
005 20150317110327.0
008 150310s2015 viesd
041 |a vie 
082 1 4 |a 515.355  |b NG-N 
100 1 |a Nguyễn Đăng Phương Niệm 
245 1 |a Tính ổn định và mặt phẳng pha của hệ otonom  |c Nguyễn Đăng Phương Niệm ; Lê Hải Trung hướng dẫn.  |k Luận văn Thạc sĩ 
260 |a Đà Nẵng  |b Đại học Đà Nẵng  |c 2015 
300 |a 63 tr., phụ lục 3 tr.  |c 29 cm.  |e Tóm tắt 
500 |a Luận văn thạc sĩ Khoa học. Chuyên ngành: Phương pháp toán sơ cấp. Mã số: 60.46.40. 
520 3 |a Nghiên cứu về tính ổn định và mặt phẳng pha của hệ otonom đồng thời ứng dụng của phần mềm toán học MATLAB trong việc phác thảo ảnh pha và trường vectơ của hệ otonom, từ đó xem xét và kết luận về tính ổn định của hệ 
650 0 4 |a Phương trình vi phân  |v Luận văn tốt nghiệp  |x Hệ otonom 
653 |a Hệ otonom 
653 |a Phương pháp toán sơ cấp 
653 |a Phương trình vi phân 
653 |a Phần mềm MAT-LAB 
700 1 |a Lê Hải Trung  |c TS.  |e Hướng dẫn 
OWN |a LSP 
AVA |a UDN50  |b LSP  |d 515.355 NG-N  |e available  |t Error 5001 Not defined in file expand_doc_bib_avail.  |f 1  |g 0  |h N  |i 0  |k 1 
999 |a From the UDN01 
AVA |a UDN50  |b LSP  |d 515.355 NG-N  |e available  |t Error 5001 Not defined in file expand_doc_bib_avail.  |f 1  |g 0  |h N  |i 0  |k 1 
TYP |a Monograph 
TYP |a Printed language 
980 |a Mạng thư viện Đại học Đà Nẵng